000 00770nam a2200217 a 4500
001 001107075
003 AM-YEHGA
005 20250617160856.0
008 151020s1961 ru r 000 0 rus d
040 _aAM-YeHGA
041 0 _arus
100 1 _aНатрадзе, А.Г.
245 1 0 _aПроизводство лекарственных препаратов и изделий медицинской техники в 1959-1965 гг. /
_cА.Г. Натрадзе.
260 _aМосква :
_bМедгиз,
_c1961.
300 _a64 с. :
_bил., табл. ;
_c20 см.
650 1 4 _aФармация
650 1 4 _aПроизводство лекарств
650 1 4 _aФармацевтическая техника
942 _2udc
_cBK
090 _c464758
999 _c461625
_d461625